Vincitori di MasterChef Italia - Statistics

Statistiche generali
  • Questo quiz è stato fatto 102 volte
  • Il punteggio medio è 9 su 12
Statistiche sulle risposte
Stagione Risposta % Corretto
1 Spyros Theodoridis
85%
10 Francesco Aquila
84%
6 Valerio Braschi
82%
2 Tiziana Stefanelli
78%
5 Erica Liverani
77%
4 Stefano Callegaro
74%
9 Antonio Lorenzon
68%
3 Federico Ferrero
68%
8 Valeria Raciti
68%
7 Simone Scipioni
67%
12 Edoardo Franco
66%
11 Tracy Eboigbodin
60%
Nessun quiz corrispondente trovato
Distribuzione punteggi
Percentuale di utenti per punteggio
Percentile per numero di risposta
I tuoi punteggi nel tempo
Non hai fatto questo quiz